Biblioteca

Un vistazo a El Código Da Vinci : (Registro nro. 61454)

Detalles MARC
000 -LÍDER
Campo fijo de descripción fija 01729cab a22002294i 4500
001 - NÚMERO DE CONTROL
Campo de control 768714001
003 - IDENTIFICADOR DEL NÚMERO DE CONTROL
Campo de control CO-MdFUSB
005 - FECHA Y HORA DE LA ULTIMA TRANSACCIÓN
control field 20230111124555.0
008 - ELEMENTOS DE LONGITUD FIJA -- INFORMACIÓN GENERAL
Campo fijo de descripción fija -- Información general 180718s2005 gt ||||| |||| 00| 0 spa d
022 ## - NÚMERO INTERNACIONAL NORMALIZADO PARA PUBLICACIONES SERIADAS
Número Internacional Normalizado para Publicaciones Seriadas 1014-9341
040 ## - FUENTE DE CATALOGACIÓN
Agencia Catalogadora CO-MdFUSB
Idioma de catalogación spa
Agencia que realiza la transcripción CO-MdFUSB
Agencia que realiza la modificación CO-MdFUSB
041 ## - CÓDIGO DE IDIOMA
Código de idioma para texto/pista de sonido o título separado spa
100 1# - ASIENTO PRINCIPAL--NOMBRE PERSONAL
Nombre personal Bock, Darrell L.
Término relacionador autor
245 13 - TÍTULO
Título Un vistazo a El Código Da Vinci :
Subtitulo tres errores mayores y unos cuantos más
Mención de responsabilidad / Dr. Darrell L. Bock
300 ## - DESCRIPCIÓN FÍSICA
Extensión Número 37 (Julio - Diciembre, 2005), páginas 111-120
Dimensiones ; 22 cm
520 ## - NOTA DE RESUMEN, ETC.
Nota de sumario, etc. La evidencia histórica proveniente de los primeros siglos del cristianismo muestra que El Código Da Vinci cae en errores fundamentales al afirmar que: 1) Jesús fue casado con María Magdalena, 2) en el siglo IV Constantino escogió los cuatro Evangelios para se parte de la Biblia porque presentan a un Jesús Divino, y 3) la doctrina de la deidad de Jesús se aprobó por una votación cerrada en Nicea (323 d.C). Otros errores históricos clave en la novela incluyen: 1) Hipólito (siglo II) escribió que María Magdalena fue la apóstol de más alto rango, 2) los evangelios rechazados por la Iglesia presentan a un Jesús más humano que los Evangelios bíblicos, y 3) en su pintura La Última Cena Leonardo Da Vinci sustituyó a uno de los Doce por María Magdalena. La novela desafía a los cristianos a conocer mejor la historia de los primeros siglos del cristianismo
650 #7 - ASIENTO SECUNDARIO DE MATERIA - TERMINO TEMÁTICO
9 (RLIN) 367
Término temático o nombre geográfico como elemento de entrada Literatura de controversia
653 ## - TÉRMINO DE INDIZACIÓN - NO CONTROLADO
Término no controlado Código Da Vinci
773 0# - ASIENTO DE ITEM FUENTE
Título Kairós
Biblionumber 49489
Itemnumber 61223
Parte(s) relacionada(s) / Volumen., número. (mes año), páginas Número 37 (Julio - Diciembre, 2005), páginas 111-120
Enumeración y primera página Página 111
773 0# - ASIENTO DE ITEM FUENTE
Título Kairós
Biblionumber 49489
Itemnumber 81358
Parte(s) relacionada(s) / Volumen., número. (mes año), páginas Número 37 (Julio - Diciembre, 2005), páginas 111-120
Enumeración y primera página Página 111
942 ## - TIPO DE MATERIAL (KOHA)
Tipo de Item KOHA Artículos de Revista

No hay ítems disponibles.

Biblioteca FUSBC | Teléfono: (57+4) 349 88 10 Ext. 141| WhatsApp (+57) 3005338115 
E-mail: biblioteca@unisbc.edu.co | Calle 76 87-14 Robledo Palenque, Medellín, Colombia

Con tecnología Koha